| 000 | 00587nam a2200181Ia 4500 | ||
|---|---|---|---|
| 008 | 180921t2001 xxu||||| |||| 00| 0 sin d | ||
| 041 | _asin | ||
| 080 |
_a59 _bKOT |
||
| 100 | _aKothalawala, A.B. | ||
| 245 | _aඅ.පො.ස. උසස් පෙළ ජිව විද්යාව : ක්රියාකාරි සත්වයා | ||
| 246 | _aA.po.sa. usas pela jeeva vidyaava : kriyaakaari sathvayaa | ||
| 260 |
_bGodage _aColombo _c2001 |
||
| 300 | _a103p., 28 cm | ||
| 650 | _aBiology A/L | ||
| 942 | _cBK | ||
| 999 |
_c16316 _d16316 |
||
| 003 | LK-CoDNM | ||
| 040 |
_aLK-CoDNM _dLK-CoDNM _eLK-CoDNM |
||